<?xml version="1.0" encoding="UTF-8"?>
<record
    xmlns:xsi="http://www.w3.org/2001/XMLSchema-instance"
    xsi:schemaLocation="http://www.loc.gov/MARC21/slim http://www.loc.gov/standards/marcxml/schema/MARC21slim.xsd"
    xmlns="http://www.loc.gov/MARC21/slim">

  <leader>00400nac a22001451u 4500</leader>
  <datafield tag="090" ind1=" " ind2=" ">
    <subfield code="c">3682</subfield>
  </datafield>
  <controlfield tag="008">081012t        xxu||||| |||| 00| 0 eng d</controlfield>
  <datafield tag="020" ind1=" " ind2=" ">
    <subfield code="a">9773161005</subfield>
  </datafield>
  <datafield tag="082" ind1=" " ind2=" ">
    <subfield code="a">813</subfield>
    <subfield code="b">MAH</subfield>
  </datafield>
  <datafield tag="245" ind1=" " ind2=" ">
    <subfield code="a">&#x627;&#x644;&#x645;&#x631;&#x627;&#x64A;&#x627; /</subfield>
    <subfield code="c">&#x646;&#x62C;&#x64A;&#x628; &#x645;&#x62D;&#x641;&#x648;&#x638; .</subfield>
  </datafield>
  <datafield tag="260" ind1=" " ind2=" ">
    <subfield code="a">&#x627;&#x644;&#x642;&#x627;&#x647;&#x631;&#x629; :</subfield>
    <subfield code="b">&#x645;&#x643;&#x62A;&#x628;&#x629; &#x645;&#x635;&#x631; , [19?]</subfield>
    <subfield code="c">[19?]</subfield>
  </datafield>
  <datafield tag="300" ind1=" " ind2=" ">
    <subfield code="a">321 &#x635; ;</subfield>
    <subfield code="c">16 &#x633;&#x645; .</subfield>
  </datafield>
  <datafield tag="500" ind1=" " ind2=" ">
    <subfield code="a">Arabic books.</subfield>
  </datafield>
  <datafield tag="942" ind1=" " ind2=" ">
    <subfield code="c">BB</subfield>
    <subfield code="k">813MAH</subfield>
    <subfield code="2">ddc</subfield>
  </datafield>
  <datafield tag="999" ind1=" " ind2=" ">
    <subfield code="c">3682</subfield>
    <subfield code="d">3682</subfield>
  </datafield>
  <datafield tag="952" ind1=" " ind2=" ">
    <subfield code="0">0</subfield>
    <subfield code="1">0</subfield>
    <subfield code="2">ddc</subfield>
    <subfield code="3">Invalid barcode - Cataloging Dep.</subfield>
    <subfield code="4">0</subfield>
    <subfield code="7">0</subfield>
    <subfield code="8"> </subfield>
    <subfield code="a">MAIN</subfield>
    <subfield code="b">MAIN</subfield>
    <subfield code="c">2ND</subfield>
    <subfield code="d">2007-05-07</subfield>
    <subfield code="e">purchase</subfield>
    <subfield code="g">7.50</subfield>
    <subfield code="l">1</subfield>
    <subfield code="o">813 MAH</subfield>
    <subfield code="p">00000519</subfield>
    <subfield code="q">2009-07-22</subfield>
    <subfield code="r">2009-07-01 00:00:00</subfield>
    <subfield code="s">2009-07-01</subfield>
    <subfield code="v">9.38</subfield>
    <subfield code="y">BB</subfield>
  </datafield>
</record>
